A Belvedere Meridionale (1989-1993) repertóriuma

Elmentve itt :
Bibliográfiai részletek
Szerzők: Szegfű László
Nagy Tamás
Dokumentumtípus: Cikk
Megjelent: Belvedere Meridionale Szeged 1993
Sorozat:Belvedere Meridionale 5 No. 1-2
Kulcsszavak:Belvedere Meridionale - bibliográfia
Tárgyszavak:
Online Access:http://acta.bibl.u-szeged.hu/4352
LEADER 00767nab a2200205 i 4500
001 acta4352
005 20250827150209.0
008 161015s1993 hu o 000 hun d
040 |a SZTE Egyetemi Kiadványok Repozitórium  |b hun 
041 |a hun 
100 1 |a Szegfű László 
245 1 2 |a A Belvedere Meridionale (1989-1993) repertóriuma  |h [elektronikus dokumentum] /  |c  Szegfű László 
260 |a Belvedere Meridionale  |b Szeged  |c 1993 
300 |a 55-68 
490 0 |a Belvedere Meridionale  |v 5 No. 1-2 
650 4 |a Bölcsészettudományok 
650 4 |a Történettudomány és régészet 
695 |a Belvedere Meridionale - bibliográfia 
700 0 1 |a Nagy Tamás  |e aut 
856 4 0 |u http://acta.bibl.u-szeged.hu/4352/1/belvedere_1993_001_002_055-068.pdf  |z Dokumentum-elérés